Natural resource and environmental economics / (Record no. 4491)
[ view plain ]
| 000 -LEADER | |
|---|---|
| fixed length control field | 00982nac a22002651u 4500 |
| 010 ## - LIBRARY OF CONGRESS CONTROL NUMBER | |
| LC control number | 2002042567 |
| 020 ## - INTERNATIONAL STANDARD BOOK NUMBER | |
| International Standard Book Number | 0273655590 (pbk.) |
| 082 00 - DEWEY DECIMAL CLASSIFICATION NUMBER | |
| Classification number | 333.7 |
| Item number | P4517 |
| 090 ## - LOCALLY ASSIGNED LC-TYPE CALL NUMBER (OCLC); LOCAL CALL NUMBER (OCLC) | |
| -- | 4491 |
| -- | 4491 |
| 100 ## - MAIN ENTRY--PERSONAL NAME | |
| Personal name | Perman, Roger |
| 245 00 - TITLE STATEMENT | |
| Title | Natural resource and environmental economics / |
| Statement of responsibility, etc | Roger Perman ... [et al.]. |
| 250 ## - EDITION STATEMENT | |
| Edition statement | 3rd ed. |
| 260 ## - PUBLICATION, DISTRIBUTION, ETC. (IMPRINT) | |
| Place of publication, distribution, etc | New York : |
| Name of publisher, distributor, etc | Pearson Education, |
| Date of publication, distribution, etc | 2003. |
| 300 ## - PHYSICAL DESCRIPTION | |
| Extent | p. cm. |
| 500 ## - GENERAL NOTE | |
| General note | Rev. ed. of: Natural resource and environmental economics / Roger Perman, Yue Ma, James McGilvray. 1996. |
| 504 ## - BIBLIOGRAPHY, ETC. NOTE | |
| Bibliography, etc | Includes bibliographical references and index. |
| 650 #0 - SUBJECT ADDED ENTRY--TOPICAL TERM | |
| Topical term or geographic name as entry element | Environmental economics. |
| 650 #0 - SUBJECT ADDED ENTRY--TOPICAL TERM | |
| Topical term or geographic name as entry element | Natural resources |
| General subdivision | Management. |
| 650 #0 - SUBJECT ADDED ENTRY--TOPICAL TERM | |
| Topical term or geographic name as entry element | Sustainable development. |
| 700 1# - ADDED ENTRY--PERSONAL NAME | |
| Personal name | Ma, Yue |
| 700 1# - ADDED ENTRY--PERSONAL NAME | |
| Personal name | McGlivray, James |
| 700 1# - ADDED ENTRY--PERSONAL NAME | |
| Personal name | Common, Michael. |
| 942 ## - ADDED ENTRY ELEMENTS (KOHA) | |
| Item type | Book - Borrowing |
| Call number prefix | 333.7P4517 |
| Withdrawn status | Item status | Damaged status | Not for loan | Home library | Current library | Shelving location | Date acquired | Source of acquisition | Total Checkouts | Total Renewals | Full call number | Barcode | Date last seen | Date last borrowed | Koha item type |
|---|---|---|---|---|---|---|---|---|---|---|---|---|---|---|---|
| Central Library | Central Library | First floor | 07/09/2008 | Purchase | 4 | 1 | 333.7 PER | 000005390 | 15/07/2025 | 16/12/2019 | Book - Borrowing |